One piece-Equipage de Roger - Statistiques

Statistiques générales
  • Ce quiz a été pris 67 fois
    45 depuis la dernière actualisation
  • Le résultat moyen est 9 sur 12
Statistiques - réponses
role nom % Correct
Capitaine Roger
100%
Mousse Baggy
97%
Second Rayleigh
97%
Mousse Shanks
97%
Médecin Crocus
87%
N°3 Gaban
84%
Sabreur Oden
84%
Bateau Oro Jackson
68%
Membre Toki
48%
Mousse Inuarashi
45%
Mousse Nekomamushi
45%
Membre Bullet
23%
Aucun quiz correspondant
Distribution des résultats
% des personnes avec chaque résultat
Percentile par nombre de réponses
Votre historique - résultats
Vous n’avez pas pris ce quiz depuis la dernière actualisation